<?xml version="1.0" encoding="UTF-8"?>
<record
    xmlns:xsi="http://www.w3.org/2001/XMLSchema-instance"
    xsi:schemaLocation="http://www.loc.gov/MARC21/slim http://www.loc.gov/standards/marcxml/schema/MARC21slim.xsd"
    xmlns="http://www.loc.gov/MARC21/slim">

  <leader>00361nam a2200145Ia 4500</leader>
  <controlfield tag="008">231217s9999    xx            000 0 und d</controlfield>
  <datafield tag="041" ind1=" " ind2=" ">
    <subfield code="a">English</subfield>
  </datafield>
  <datafield tag="082" ind1=" " ind2=" ">
    <subfield code="a">001.6424JAV  RUS;1  R</subfield>
  </datafield>
  <datafield tag="100" ind1=" " ind2=" ">
    <subfield code="a">Russell, Joseph P</subfield>
  </datafield>
  <datafield tag="245" ind1=" " ind2="0">
    <subfield code="a">Learn Java in a weekend</subfield>
  </datafield>
  <datafield tag="260" ind1=" " ind2=" ">
    <subfield code="c">2002</subfield>
    <subfield code="b">PHI</subfield>
    <subfield code="a">New Delhi</subfield>
  </datafield>
  <datafield tag="300" ind1=" " ind2=" ">
    <subfield code="a">xxi+482</subfield>
  </datafield>
  <datafield tag="650" ind1=" " ind2=" ">
    <subfield code="a">Learn,Java,weekend</subfield>
  </datafield>
  <datafield tag="942" ind1=" " ind2=" ">
    <subfield code="c">AA</subfield>
  </datafield>
  <datafield tag="999" ind1=" " ind2=" ">
    <subfield code="c">175289</subfield>
    <subfield code="d">175289</subfield>
  </datafield>
  <datafield tag="952" ind1=" " ind2=" ">
    <subfield code="r">2024-01-26 00:00:00</subfield>
    <subfield code="l">0</subfield>
    <subfield code="o">001.6424JAV  RUS;1  R</subfield>
    <subfield code="p">35591</subfield>
    <subfield code="v">236.00</subfield>
    <subfield code="w">2005-06-05</subfield>
    <subfield code="y">AA</subfield>
    <subfield code="1">0</subfield>
    <subfield code="4">0</subfield>
    <subfield code="7">0</subfield>
    <subfield code="8">CL</subfield>
    <subfield code="0">0</subfield>
    <subfield code="a">ML</subfield>
    <subfield code="b">ML</subfield>
    <subfield code="c">CL</subfield>
    <subfield code="d">2005-05-06</subfield>
    <subfield code="e">Allied  publ.</subfield>
    <subfield code="g">295.00</subfield>
    <subfield code="E">IS</subfield>
    <subfield code="K">19</subfield>
    <subfield code="L">06/10/2010</subfield>
    <subfield code="G">RS</subfield>
    <subfield code="F">1</subfield>
    <subfield code="V">59</subfield>
    <subfield code="W">20</subfield>
  </datafield>
  <datafield tag="952" ind1=" " ind2=" ">
    <subfield code="r">2024-01-26 00:00:00</subfield>
    <subfield code="l">0</subfield>
    <subfield code="o">001.6424JAV  RUS;2  R1</subfield>
    <subfield code="p">35592</subfield>
    <subfield code="v">236.00</subfield>
    <subfield code="w">2005-06-05</subfield>
    <subfield code="y">AA</subfield>
    <subfield code="1">0</subfield>
    <subfield code="4">0</subfield>
    <subfield code="7">0</subfield>
    <subfield code="8">CL</subfield>
    <subfield code="0">0</subfield>
    <subfield code="a">ML</subfield>
    <subfield code="b">ML</subfield>
    <subfield code="c">CL</subfield>
    <subfield code="d">2005-05-06</subfield>
    <subfield code="e">Allied  publ.</subfield>
    <subfield code="g">295.00</subfield>
    <subfield code="E">IS</subfield>
    <subfield code="K">19</subfield>
    <subfield code="L">25/03/2009</subfield>
    <subfield code="G">RS</subfield>
    <subfield code="F">1</subfield>
    <subfield code="V">59</subfield>
    <subfield code="W">20</subfield>
  </datafield>
  <datafield tag="952" ind1=" " ind2=" ">
    <subfield code="r">2024-04-01 00:00:00</subfield>
    <subfield code="l">1</subfield>
    <subfield code="o">001.6424JAV  RUS;3</subfield>
    <subfield code="p">35593</subfield>
    <subfield code="q">2005-09-01</subfield>
    <subfield code="s">2024-04-01</subfield>
    <subfield code="v">236.00</subfield>
    <subfield code="w">2005-06-05</subfield>
    <subfield code="y">AA</subfield>
    <subfield code="1">0</subfield>
    <subfield code="4">0</subfield>
    <subfield code="7">0</subfield>
    <subfield code="8">CL</subfield>
    <subfield code="0">0</subfield>
    <subfield code="a">ML</subfield>
    <subfield code="b">ML</subfield>
    <subfield code="c">CL</subfield>
    <subfield code="d">2005-05-06</subfield>
    <subfield code="e">Allied  publ.</subfield>
    <subfield code="g">295.00</subfield>
    <subfield code="E">IS</subfield>
    <subfield code="K">19</subfield>
    <subfield code="L">11/02/2006</subfield>
    <subfield code="G">RS</subfield>
    <subfield code="F">1</subfield>
    <subfield code="V">59</subfield>
    <subfield code="W">20</subfield>
  </datafield>
  <datafield tag="952" ind1=" " ind2=" ">
    <subfield code="r">2024-01-26 00:00:00</subfield>
    <subfield code="l">0</subfield>
    <subfield code="o">001.6424JAV  RUS;4</subfield>
    <subfield code="p">35594</subfield>
    <subfield code="v">236.00</subfield>
    <subfield code="w">2005-06-05</subfield>
    <subfield code="y">AA</subfield>
    <subfield code="1">0</subfield>
    <subfield code="4">0</subfield>
    <subfield code="7">0</subfield>
    <subfield code="8">CL</subfield>
    <subfield code="0">0</subfield>
    <subfield code="a">ML</subfield>
    <subfield code="b">ML</subfield>
    <subfield code="c">CL</subfield>
    <subfield code="d">2005-05-06</subfield>
    <subfield code="e">Allied  publ.</subfield>
    <subfield code="g">295.00</subfield>
    <subfield code="E">IS</subfield>
    <subfield code="K">19</subfield>
    <subfield code="L">11/02/2006</subfield>
    <subfield code="G">RS</subfield>
    <subfield code="F">1</subfield>
    <subfield code="V">59</subfield>
    <subfield code="W">20</subfield>
  </datafield>
</record>
